<?xml version="1.0" encoding="UTF-8"?>
<marc:record xmlns:marc="http://www.loc.gov/MARC21/slim">
   <marc:leader>00000nam a2200000 a 4500</marc:leader>
   <marc:datafield ind1="0" ind2="0" tag="245">
      <marc:subfield code="a">Im Wald</marc:subfield>
   </marc:datafield>
   <marc:datafield ind1="0" ind2="0" tag="245">
      <marc:subfield code="b">selber machen - ausprobieren</marc:subfield>
   </marc:datafield>
   <marc:datafield ind1=" " ind2="1" tag="264">
      <marc:subfield code="b">DK</marc:subfield>
      <marc:subfield code="c">2017</marc:subfield>
   </marc:datafield>
   <marc:datafield ind1="1" ind2=" " tag="490">
      <marc:subfield code="a">Ich weiß was!</marc:subfield>
   </marc:datafield>
   <marc:datafield ind1="1" ind2=" " tag="520">
      <marc:subfield code="a">Was ist ein Wald? Wie wächst ein Baum? Welche Tiere leben in und auf Bäumen und was tut sich auf und im Waldboden? Erklärt wird außerdem, was der Wald seinen Bewohnern an unterschiedlicher Nahrung bietet, welche Tiere nachtaktiv sind und wie die Bäume sich im Laufe des Jahres verändern.[buechereien.wien]</marc:subfield>
   </marc:datafield>
   <marc:datafield ind1=" " ind2=" " tag="020">
      <marc:subfield code="a">9783831033751</marc:subfield>
      <marc:subfield code="9">9783831033751</marc:subfield>
   </marc:datafield>
</marc:record>
